000 00333nam a22001217a 4500
008 180607b xxu||||| |||| 00| 0 eng d
041 _aeng
080 _a043.3
100 _a0
101 _a SHKI-BA
245 _aImplementimi i Komunikimit ne kohe reale ne Web Aplikacione duke perdorur ASP-NET SingalIR
_cHoda, E
942 _2udc
_cBK
999 _c46579
_d46579